000 00321nam a22000977a 4500
008 230606b xxu||||| |||| 00| 0 eng d
245 _aMinistry of Regional Development Authorities Strategic Plan 2008-2012
260 _aNairobi,Kenya
_bMinistry of Regional Development Authorities
_c2009
300 _aXII,80p
942 _2ddc
_cBK
999 _c717
_d717